• 首页
  • 本馆介绍
  • 公告通知
  • 最新文献
  • 馆藏检索
  • 电子资源
  • 读者导购
  • 参考咨询
  • 我的图书馆
  • 登录
  • 详细信息显示
  • 放入我的书架
  • 预约/预借图书
  • 作者相关作品
  • 分类相关作品
  • 丛书相关作品
  • 出版社相关作品

书目信息

  • 表格格式
  • 工作单格式
  • 卡片格式
题名:
运用中医药调理微循环障碍让机能性疾病得以降解的研究
    
 
作者: 杨俊耀, 著
分册:  
出版信息: 长春   吉林大学出版社  2022.06
页数: 145页
开本: 21cm
丛书名:
单 册:
中图分类: R541.6
科图分类:
主题词: 微循环障碍--wei xun huan zhang ai--研究
电子资源:
ISBN: 978-7-5768-0042-5
000 01664nam0 2200289 450
001 CAL 012022047528
005 20230217093112.0
010    @a978-7-5768-0042-5@dCNY58.00
100    @a20221108d2022 em y0chiy0120 ea
101 0  @achi
102    @aCN@b220000
105    @aa a 000yy
106    @ar
200 1  @a运用中医药调理微循环障碍让机能性疾病得以降解的研究@Ayun yong zhong yi yao tiao li wei xun huan zhang ai rang ji neng xing ji bing de yi jiang jie de yan jiu@f杨俊耀著
210    @a长春@c吉林大学出版社@d2022.06
215    @a145页@c图@d21cm
300    @a国家卫健委“十四五”规划全国重点课题 项目名称: 运用中医药调理微循环障碍让机能性疾病得以降解的研究
314    @a杨俊耀, 2005年8月被聘为中国管理科学研究院研究中心专家委员会首席专家。
320    @a有书目 (第143-145页)
330    @a本书共包括六章: 第一章是课题研究的基础, 论述了选题的意义、研究思路、研究目标与研究内容 ; 第二章是理论基础, 对中医药改善微循环障碍的原理进行了阐述, 并对本课题的相关理论支撑与概念进行了论述 ; 第三章是中医药调理微循环障碍让机能性疾病能够得以降解临床运用之法, 重点介绍了越婢加术汤, 并讲述了几种临床病症案例运用之法 ; 第四章是悬饮鉴别诊断之法及应用, 分三节论述了悬饮鉴别诊断之法、“去菀陈莝, 开鬼门, 洁净府”在膜性肾病水肿中的应用、名医验案 ; 第五章是关于伏邪之毒的研讨, 分别论述了伏毒之邪 —— 风湿热、伏邪之毒 —— 湿热 ; 第六章是关于运用中医药调理微循环障碍让机能性疾病得以降解的几点建议及看法。
606 0  @a微循环障碍@Awei xun huan zhang ai@x研究
690    @aR541.6@v5
701  0 @a杨俊耀,@Ayang jun yao@f1963-@4著
801  0 @aCN@bBJXHZP@c20230228
905    @a可供@b1389164-7@dR541.6@e168@f4
906    @aRTYY
998    @bbm004b-2022.11.14 15:46:33
    
    运用中医药调理微循环障碍让机能性疾病得以降解的研究/杨俊耀著.-长春:吉林大学出版社,2022.06
    145页:图;21cm
    国家卫健委“十四五”规划全国重点课题 项目名称: 运用中医药调理微循环障碍让机能性疾病得以降解的研究
    
    ISBN 978-7-5768-0042-5:CNY58.00
    本书共包括六章: 第一章是课题研究的基础, 论述了选题的意义、研究思路、研究目标与研究内容 ; 第二章是理论基础, 对中医药改善微循环障碍的原理进行了阐述, 并对本课题的相关理论支撑与概念进行了论述 ; 第三章是中医药调理微循环障碍让机能性疾病能够得以降解临床运用之法, 重点介绍了越婢加术汤, 并讲述了几种临床病症案例运用之法 ; 第四章是悬饮鉴别诊断之法及应用, 分三节论述了悬饮鉴别诊断之法、“去菀陈莝, 开鬼门, 洁净府”在膜性肾病水肿中的应用、名医验案 ; 第五章是关于伏邪之毒的研讨, 分别论述了伏毒之邪 —— 风湿热、伏邪之毒 —— 湿热 ; 第六章是关于运用中医药调理微循环障碍让机能性疾病得以降解的几点建议及看法。
●
相关链接 在E读中查询图书 在五车中查询图书 在当当中查询图书 在豆瓣中查询图书


正题名:运用中医药调理微循环障碍让机能性疾病得以降解的研究     索取号:R541.6/168         预约/预借

序号 登录号 条形码 馆藏地/架位号 状态 备注
1 1389164   213891644   第二样本阅览室/ [索取号:R541.6/168] 在馆    
2 1389165   213891653   第三借阅区/ [索取号:R541.6/168] 在馆    
3 1389166   213891662   第三借阅区/ [索取号:R541.6/168] 在馆    
4 1389167   213891671   第三借阅区/ [索取号:R541.6/168] 在馆    
唐山师范学院图书馆 欢迎您!
大连网信软件有限公司© 版权所有